Aşık Ruhsati (Record no. 3315)

MARC details
000 -BAŞLIK
Sabit Uzunlukta Kontrol Alanı 00711na a2200265 4500
001 - KONTROL NUMARASI
Denetim Alanı 14883
003 - KONTROL NUMARASI IDENTIFIER
Denetim Alanı MIRAKIL
005 - SON İŞLEM TARİHİ VE ZAMANI
Denetim Alanı 20181213154928.0
008 - SABİT-BOY VERİ ELEMANLARI - GENEL BİLGİLER
Sabit Uzunlukta Kontrol Alanı 161025b tu 000 0
020 ## - ULUSLARARASI STANDART KİTAP NUMARASI
Uluslararası Standart Kitap Numarası 9789944068512
035 ## - SİSTEM KONTROL NUMARASI
Sistem Kontrol Numarası 14883
040 ## - KATALOGLAMA KAYNAK
Orijinal Kataloglama Ajansı Milas
Kataloglama Dili tur
Metne Dönüştürmek Ajansı TR-AnCHP
041 ## - DİL KODU
Metin / Ses Parça Veya Ayrı Başlığın Dil Kodu tur
082 ## - DEWEY ONLU SINIFLANDIRMA NUMARASI
Sınıflandırma Numarası 811.32
Ürün Numarası Ö92a 2010
090 ## - SINIFLAMA NUMARASI
Sınıflama Numarası 811.32 Ö92a 2010
100 ## - ANA GİRİŞ - KİŞİSEL İSİM
Kişisel Ad Özdemir, Ahmet
245 ## - BAŞLIK TABLOSU
Başlık Aşık Ruhsati
Sorumluluk Tablosu, Vb Ahmet Özdemir.
250 ## - EDITION TABLOSU
Baskı Beyanı 2. bs.
260 ## - YAYIN, DAĞITIM, VB
Yayın, Dağıtım, Vb Yeri İstanbul
Yayıncı, Dağıtıcı, Vs Adı Sivas Platformu
Yayın, Dağıtım, Vb Tarihi 2010
500 ## - GENEL NOT
Genel Not Şairin asıl adı Mustafa'dır.
600 ## - KONU KATMA GİRİŞ - KURUMSAL ADI
Kişisel Ad Âşık Ruhsatî
Bir Adıyla İlişkilendirilen Tarihler 1835-1911
Genel Alt Bölümü Yaşamöyküsü
650 ## - KONU KATMA GİRİŞ - TOPİKAL DÖNEM
Topikal Süreli Veya Coğrafi Ad Giriş Elemanı Halk edebiyatı
Genel Alt Bölümü Ozanlar
650 ## - KONU KATMA GİRİŞ - TOPİKAL DÖNEM
Topikal Süreli Veya Coğrafi Ad Giriş Elemanı Türkçe şiir
942 ## - EKLENDİ GİRİŞ ELEMANLARI (KOHA)
Sınıflandırma Veya Raf Düzeni Kaynak
Koha Öğesi Türü Books
999 ## - SİSTEM KONTROL NUMARALARI (KOHA)
Koha Biblionumber 3315
Koha Biblioitemnumber 3315
Holdings
Kalıcı Konum Mevcut Konum Edinme Tarihi Edinim Kaynak Toplam Check-Out'Lar Tam Çağrı Numarası Barkod Tarih Son Görülme İtibaren Geçerli Fiyatlar Koha Öğesi Türü
CHP Kütüphanesi CHP Kütüphanesi 09/01/2016 Bağış   811.32 Ö92a 2010 002243 09/01/2016 09/01/2016 Books